Statistics for Countries of the World with an Empty Map

Click here to take the quiz!

General Stats

  • This quiz has been taken 91 times
  • The average score is 139 of 196

Answers on the Map

Answers color-coded by a green-red scale on the quiz's map according to % correct below.
 

Answer Stats

Country% Correct
Canada
89%
France
89%
Spain
89%
United Kingdom
89%
Argentina
85%
Brazil
85%
Chile
85%
Ireland
85%
Italy
85%
Mexico
85%
United States
85%
China
83%
Colombia
83%
Denmark
83%
Germany
83%
Sweden
83%
Australia
81%
Cuba
81%
Poland
81%
Russia
81%
Afghanistan
80%
Austria
80%
Bolivia
80%
Dominican Republic
80%
Egypt
80%
Finland
80%
India
80%
Iran
80%
Japan
80%
Norway
80%
Pakistan
80%
Portugal
80%
Saudi Arabia
80%
Switzerland
80%
Ukraine
80%
Uruguay
80%
Algeria
78%
Croatia
78%
Czech Republic
78%
Dominica
78%
Hungary
78%
Iraq
78%
Jordan
78%
Morocco
78%
Panama
78%
Paraguay
78%
South Africa
78%
Costa Rica
76%
Greece
76%
Guatemala
76%
Haiti
76%
Honduras
76%
Libya
76%
Luxembourg
76%
Monaco
76%
Mongolia
76%
Niger
76%
Nigeria
76%
North Korea
76%
Peru
76%
Romania
76%
Syria
76%
Turkey
76%
Vatican City
76%
Venezuela
76%
Albania
74%
Andorra
74%
Belgium
74%
Bosnia and Herzegovina
74%
Dem. Rep. of the Congo
74%
Iceland
74%
Israel
74%
Netherlands
74%
New Zealand
74%
Oman
74%
South Korea
74%
Armenia
72%
Belarus
72%
Belize
72%
Chad
72%
Ecuador
72%
El Salvador
72%
Ghana
72%
Indonesia
72%
Kazakhstan
72%
Laos
72%
Republic of the Congo
72%
Serbia
72%
Slovenia
72%
Thailand
72%
Yemen
72%
Zimbabwe
72%
Georgia
70%
Guyana
70%
Kosovo
70%
Latvia
70%
Lithuania
70%
Myanmar
70%
Nicaragua
70%
Qatar
70%
Slovakia
70%
Somalia
70%
Sudan
70%
Tunisia
70%
United Arab Emirates
70%
Vietnam
70%
Bulgaria
69%
Cambodia
69%
Cyprus
69%
Estonia
69%
Ethiopia
69%
Fiji
69%
Guinea
69%
Jamaica
69%
Kenya
69%
Lebanon
69%
Liechtenstein
69%
Mali
69%
Moldova
69%
Sri Lanka
69%
St. Kitts and Nevis
69%
Taiwan
69%
Angola
67%
Azerbaijan
67%
Bahamas
67%
Bahrain
67%
Bangladesh
67%
Bhutan
67%
Botswana
67%
Cameroon
67%
Eritrea
67%
Kuwait
67%
Liberia
67%
Madagascar
67%
Malaysia
67%
Malta
67%
Nepal
67%
Philippines
67%
San Marino
67%
South Sudan
67%
Turkmenistan
67%
Uganda
67%
Zambia
67%
Eswatini
65%
Lesotho
65%
Papua New Guinea
65%
Rwanda
65%
Senegal
65%
Seychelles
65%
Suriname
65%
Trinidad and Tobago
65%
Barbados
63%
Benin
63%
Central African Republic
63%
Djibouti
63%
Gambia
63%
Guinea Bissau
63%
Ivory Coast
63%
Montenegro
63%
Namibia
63%
North Macedonia
63%
Palau
63%
Singapore
63%
St. Vincent and Grenadines
63%
Tajikistan
63%
Vanuatu
63%
Brunei
61%
Burkina Faso
61%
Comoros
61%
Equatorial Guinea
61%
Fed. States of Micronesia
61%
Grenada
61%
Kiribati
61%
Malawi
61%
Maldives
61%
Marshall Islands
61%
Mauritania
61%
Mozambique
61%
Samoa
61%
Sierra Leone
61%
Solomon Islands
61%
St. Lucia
61%
Tanzania
61%
Togo
61%
Tonga
61%
Antigua and Barbuda
59%
Burundi
59%
Kyrgyzstan
59%
Nauru
59%
Tuvalu
59%
Uzbekistan
59%
Cape Verde
57%
East Timor
57%
Mauritius
57%
Gabon
56%
São Tomé and Príncipe
56%

Score Distribution

Percentile by Number Answered

Percent of People with Each Score

Your Score History

You have not taken this quiz